000 00903nam0a22002651 4500
001 rc\1087468
005 20260406064320.0
035 _a(NLR Aleph) 006334810
090 _a7582863
_c7582863
100 _a20041126d1983 |||y0rusy50 ca
101 0 _arus
102 _aRU
105 _aa |||||||||
200 1 _aК вопросу об увеличении токоотбора с графитового катода
210 _aДубна
_cОИЯИ
_d1983
215 _a4 с.
_cил.
_d21
225 1 _aОбъединенный институт ядерных исследований
_v9-83-46
320 _aБиблиогр.: с. 4
700 1 _8rus
_7ca
_aКоренев
_bС. А.
_f1951 -
_gСергей Александрович
_3RU\NLR\AUTH\7714162
_9123836
801 0 _aRU
_bNLR
_gpsbo
801 1 _aRU
_bELAR
_2rusmarc
852 _aNLR
_j83-6/5909
942 _cBOOK
980 _aNB